| 000 | 00804nam a22002417a 4500 | ||
|---|---|---|---|
| 005 | 20150731125049.0 | ||
| 008 | 140714b xxu||||| |||| 00| 0 Urdu d | ||
| 010 | _aUR-9278-79 | ||
| 020 | q | _c1295.00 | |
| 020 | q | _c1595.00 | |
| 035 | _aU-7833-34 | ||
| 037 | _bDBAD/Pub. | ||
| 040 |
_aDPL _bUrdu |
||
| 082 | _a910 | ||
| 100 | _aحسن کھو يہا می | ||
| 245 |
_aتا ر يخ حسن:فا ر سی :جلد ا و ل و د و م _cحسن کھو يہا می |
||
| 246 |
_aHistory of Hassan(Persion)V.1-2 _bBy Hassan Khoyami |
||
| 260 |
_aSri Nagar _c2011 _bCity Book Center Book Sales And Publishers |
||
| 270 |
_aGovt. Order And Suppliers Bid Shah Chowk _bSri Nagar _e- _k2470158 |
||
| 300 |
_a484p,511p _c22Cm (Hb) |
||
| 490 | _vVol.2 | ||
| 942 |
_2ddc _cUR _e _h910 _mح س ن |
||
| 999 |
_c95396 _d95396 |
||